000 00490nam a22001817a 4500
003 MPLRDC
005 20220104114406.0
008 210129b ||||| |||| 00| 0 eng d
082 _a830.8 SBSX v.539
100 _a唐君毅、徐复观、牟宗三、梁漱溟著
245 _a生命的奋进
_c
250 _a初版
260 _a
_b时报文化出版事业有限
_c1984
300 _b
490 _a时报书系. 539
650 _a中国文学总集
942 _cBK
_o830.8 SBSX v.539
999 _c7116
_d7106